El patrimonio histórico y arqueológico: Valor y uso.
में बचाया:
| मुख्य लेखक: | |
|---|---|
| स्वरूप: | पुस्तक |
| प्रकाशित: |
Barcelona, España:
Ariel,
1997.
|
| संस्करण: | Primera edición. |
| श्रृंखला: | Ariel Patrimonio.
|
| विषय: | |
| टैग: |
टैग जोड़ें
कोई टैग नहीं, इस रिकॉर्ड को टैग करने वाले पहले व्यक्ति बनें!
|
MARC
| LEADER | 00000nam a22000007a 4500 | ||
|---|---|---|---|
| 003 | CL-VaPUC | ||
| 005 | 20250407202440.0 | ||
| 008 | 250310t1997 ||||| |||| 00| 0 eng d | ||
| 999 | |c 447208 |d 447206 | ||
| 020 | |a 978-84-344-6594-7 | ||
| 040 | |c Pontificia Universidad Católica de Valparaíso | ||
| 082 | |a 306 BAL 1997 | ||
| 100 | |9 896542 |a Ballart, Josep |e autor | ||
| 245 | |a El patrimonio histórico y arqueológico: |b Valor y uso. | ||
| 250 | |a Primera edición. | ||
| 260 | |a Barcelona, España: |b Ariel, |c 1997. | ||
| 300 | |a 268 páginas: |b fotografías. | ||
| 490 | |a Ariel Patrimonio. | ||
| 500 | |a c.1-c.2. Instituto Arcos.08-01-2025. | ||
| 583 | |c 20250310 |k Gabriela Rodríguez Cuevas | ||
| 650 | 0 | |9 309364 |a Patrimonio cultural |x Protección y conservación | |
| 650 | 0 | |9 867777 |a Preservación histórica | |
| 942 | |2 ddc |c BK |n 0 | ||
| 952 | |0 0 |1 0 |2 ddc |4 0 |6 306_000000000000000_BAL_1997 |7 0 |8 A |9 600894 |a BIBINC |b BIBINC |d 2025-03-10 |e Instituto Arcos |i 5665727 |o 306 BAL 1997 |p 5665727 |r 2025-03-10 |t 1 |w 2025-03-10 |y BK |k IFP | ||
| 952 | |0 0 |1 0 |2 ddc |4 0 |6 306_000000000000000_BAL_1997 |7 0 |8 A |9 600895 |a BIBINC |b BIBINC |d 2025-03-10 |e Instituto Arcos |i 5665728 |o 306 BAL 1997 |p 5665728 |r 2025-03-10 |t 2 |w 2025-03-10 |y BK |k IFP | ||